DEVELOPMENTS of low protein latices

Bibliographic Details
Corporate Author: Lembaga Getah Malaysia
Other Authors: Ng
Format: Book
Published: Kuala Lumpur : Lembaga Getah Malaysia , 2003
Series:Malaysian Rubber Board monograph ; no. 17
Subjects:

MARC

LEADER 00000cam a2200000 7i4500
001 0000002883
005 20040210.0
020 0 0 |a 9832088216 
090 0 0 |a 678.5   |b DEV 2003 
245 0 0 |a DEVELOPMENTS of low protein latices   |c Ng Kok Poon ... (et al.) 
260 0 0 |a Kuala Lumpur :   |b Lembaga Getah Malaysia ,   |c 2003 
300 |a 42 p. ;   |c 23 cm. 
440 0 0 |a Malaysian Rubber Board monograph ; no. 17 
500 0 0 |a Bibliography : p. 38-41 
650 0 0 |a Rubber 
650 0 0 |a Rubber, Artificial 
700 0 1 |a Ng   |h Kok Poon 
710 1 1 |a Lembaga Getah Malaysia 
998 |a JPSM 
999 |a 0000005151   |b Monograph   |c Open Shelf   |e Default branch